What is our real knowledge about the human being?

Salvato in:
Dettagli Bibliografici
Autore principale: Sánchez Sorondo, Marcelo (Autore)
Natura: Libro
Lingua:inglese
Pubblicazione: Ciudad del Vaticano Pontificia Academia Scientiarvm 2007
Serie:Pontificiae Academiae Scientiarvm Scripta Varia, 109
Soggetti:
Tags: Aggiungi Tag
Nessun Tag, puoi essere il primo ad aggiungerne!!

MARC

LEADER 00000nam a2200000 a 4500
001 UCI3542
003 CL-VaPUC
005 20250108095056.0
008 071109e20070000vc 1 eng d
020 |a 9788877610935 
082 0 4 |a 215.72  |b SAN  |2 21 
100 1 |a Sánchez Sorondo, Marcelo  |e author  |9 621084 
245 1 0 |a What is our real knowledge about the human being? 
260 |a Ciudad del Vaticano  |b Pontificia Academia Scientiarvm  |c 2007 
300 |a 186 p 
490 0 |a Pontificiae Academiae Scientiarvm Scripta Varia, 109 
583 |a last modification  |c 20190828 10:04:04  |k Rodrigo Vera 
650 0 0 |a Antropología filosófica  |9 265842 
650 0 0 |a Evolución humana   |9 266935 
942 |c BK 
945 |a jtorresc  |d 20071109 00:00:00 
546 |a En Inglés 
536 |a Ponticia Academia Scientiarvm 
518 |p Working Group, 1, Ciudad del Vaticano, 4-6 May 2006 
999 |c 384302  |d 384300 
952 |0 0  |1 0  |4 0  |6 215_720000000000000_SAN_2007  |7 0  |8 A  |9 506948  |a BIBTEO  |b BIBTEO  |d 2020-01-23  |i 4386450  |o 215.72 SAN 2007  |p 4386450  |r 2025-01-17  |w 2020-01-23  |y BK  |k ICR